000 00281nam a2200121Ia 4500
005 20251222154439.0
008 251222s9999||||xx |||||||||||||| ||spa||
020 _a84-7634-746-4
082 _a848.8/V53F
100 _a"Verne, Julio"
245 0 _aUna ciudad flotante
942 _cLIB
999 _c36714
_d36714